Antarjatik ayne/ (Record no. 8391)

MARC details
000 -LEADER
fixed length control field 00589cam a2200229ua 4500
005 - DATE AND TIME OF LATEST TRANSACTION
control field 20201201110037.0
008 - FIXED-LENGTH DATA ELEMENTS--GENERAL INFORMATION
fixed length control field 150623n ii |||gr||||Z||||||asm
040 ## - CATALOGING SOURCE
Transcribing agency MAIN
Original cataloging agency IN-DiNC
041 ## - LANGUAGE CODE
Language code of sung or spoken text Assamese
082 ## - DEWEY DECIMAL CLASSIFICATION NUMBER
Classification number 341
Item number GOH
100 ## - MAIN ENTRY--PERSONAL NAME
Personal name Gohain, Nabin,
Relator term Author
245 1# - TITLE STATEMENT
Title Antarjatik ayne/
Statement of responsibility, etc. by Nabin Gohain and Deepan Das
250 ## - EDITION STATEMENT
Edition statement 1st ed.
260 ## - PUBLICATION, DISTRIBUTION, ETC.
Place of publication, distribution, etc. Jorhat:
Name of publisher, distributor, etc. Bidya Bhawan,
Date of publication, distribution, etc. 2010.
300 ## - PHYSICAL DESCRIPTION
Extent 409p.
650 ## - SUBJECT ADDED ENTRY--TOPICAL TERM
Topical term or geographic name entry element Political science
650 ## - SUBJECT ADDED ENTRY--TOPICAL TERM
Topical term or geographic name entry element International law
700 ## - ADDED ENTRY--PERSONAL NAME
Personal name Das, Dipen,
942 ## - ADDED ENTRY ELEMENTS (KOHA)
Koha item type Books
Source of classification or shelving scheme Dewey Decimal Classification
653 ## - INDEX TERM--UNCONTROLLED
Uncontrolled term Law of nations
653 ## - INDEX TERM--UNCONTROLLED
Uncontrolled term International law
Holdings
Withdrawn status Lost status Damaged status Not for loan Home library Current library Shelving location Date acquired Total Checkouts Full call number Barcode Date last seen Date last checked out Copy number Price effective from Koha item type Source of classification or shelving scheme Collection code Cost, normal purchase price
        Central Library, Naharkatiya College Central Library, Naharkatiya College General Stacks 19/09/2020 2 341 | GOH 20221 16/12/2020 05/12/2020 1 19/09/2020 Books      
        Central Library, Naharkatiya College Central Library, Naharkatiya College General Stacks 01/12/2020   341 GOH 20220 01/12/2020   2 01/12/2020 Books Dewey Decimal Classification Political Science 170.00

Naharkatiya College © 2020. All rights reserved.

Powered By